عرض عادي
عرض مارك
- Physical Therapy (Specialty)
مدخل مصطلح موضوعي
001 - رقم الضبط
- حقل الضبط: 39362
003 - معرف رقم الضبط
- حقل الضبط: OSt
005 - تاريخ ووقت أخر عملية
- حقل الضبط: 20131106160800.0
008 - عناصر بيانات ثابتة الطول
- حقل تحكم ثابت الطول: 131106|||a|||||| | ||| d
040 ## - مصدر الفهرسة
- هيئة الفهرسة الأصلية: OSt
- وكالة الكتابة: OSt
150 ## - مدخل-- مصطلح تاريخي
- عنصر مدخل المصطلح الموضوعي او الاسم الجغرافي: Physical Therapy (Specialty)
670 ## - بيانات المصدر موجوده
- الاستشهاد بالمصدر: Work cat.: (OSt)0: Davis, Carol M. 39358, Patient practitioner interaction :, c2011.
